• 首页
  • 本馆介绍
  • 公告通知
  • 最新文献
  • 馆藏检索
  • 电子资源
  • 读者导购
  • 参考咨询
  • 我的图书馆
  • 登录
  • 详细信息显示
  • 放入我的书架
  • 预约/预借图书
  • 作者相关作品
  • 分类相关作品
  • 丛书相关作品
  • 出版社相关作品

书目信息

  • 表格格式
  • 工作单格式
  • 卡片格式
题名:
东方现代民族主义文学思潮发展论
    
 
作者: 黎跃进 著
分册:  
出版信息: 北京   中国社会科学出版社  2011.02
页数: 410页
开本: 24cm
丛书名: 比较文学与世界文学研究丛书
单 册:
中图分类: I109.9
科图分类:
主题词: 文艺思潮--研究--东方国家 , 文艺思潮
电子资源:
ISBN: 978-7-5004-9621-2
000 01098oam2 2200277 45
001 512
005 20120601083041.65
010    @a978-7-5004-9621-2@dCNY55.00
100    @a20120328d2011 em y0chiy50 ea
101 0  @achi
102    @aCN@b110000
105    @ay z 000yy
106    @ar
200 1  @a东方现代民族主义文学思潮发展论@ADong Fang Xian Dai Min Zu Zhu Yi Wen Xue Si Chao Fa Zhan Lun@f黎跃进著@FLi Yue Jin Zhu
210    @a北京@c中国社会科学出版社@d2011.02
215    @a410页@d24cm
225 2  @a比较文学与世界文学研究丛书@f孟昭毅主编
300    @a国家社科基金项目“东方现代民族主义文学思潮研究”*(02BWW005)最终成果之一
330    @a本书在19世纪中期以来现代化全球扩散、东方社会作出回应的背景下,探讨150余年间在亚非地区盛行的民族主义文学思潮。这一文学思潮以民族国家的生存发展为创作宗旨,以功利性、现实性和民族性为创作原则。
461  0 @12001 @a比较文学与世界文学研究丛书
606 0  @a文艺思潮@x研究@y东方国家
606 0  @a文艺思潮
690    @aI109.9@v4
701  0 @a黎跃进@ALi Yue Jin@f(1957.11~)@4著
801  0 @aCN@bTSTCL@c20120328
905    @b0813566-72@dI109.9@e105@f7
    
    东方现代民族主义文学思潮发展论/黎跃进著.-北京:中国社会科学出版社,2011.02
    410页;24cm.-(比较文学与世界文学研究丛书/孟昭毅主编)
    国家社科基金项目“东方现代民族主义文学思潮研究”*(02BWW005)最终成果之一
    
    ISBN 978-7-5004-9621-2:CNY55.00
    本书在19世纪中期以来现代化全球扩散、东方社会作出回应的背景下,探讨150余年间在亚非地区盛行的民族主义文学思潮。这一文学思潮以民族国家的生存发展为创作宗旨,以功利性、现实性和民族性为创作原则。
●
相关链接 在E读中查询图书 在五车中查询图书 在当当中查询图书 在豆瓣中查询图书


正题名:东方现代民族主义文学思潮发展论     索取号:I109.9/105         预约/预借

序号 登录号 条形码 馆藏地/架位号 状态 备注
1 0813566   208135668   第一样本阅览室/ [索取号:I109.9/105] 在馆    
2 0813567   208135677   第二借阅区/ [索取号:I109.9/105] 在馆    
3 0813568   208135686   第二借阅区/ [索取号:I109.9/105] 在馆    
4 0813569   208135695   第二借阅区/ [索取号:I109.9/105] 在馆    
5 0813570   208135702   第二借阅区/ [索取号:I109.9/105] 在馆    
6 0813571   208135711   第二借阅区/ [索取号:I109.9/105] 在馆    
7 0813572   208135720   第二借阅区/ [索取号:I109.9/105] 在馆    
唐山师范学院图书馆 欢迎您!
大连网信软件有限公司© 版权所有